Drag Race France : qui a dit ça ? #2 - Statistiques

Statistiques générales
  • Ce quiz a été pris 244 fois
  • Le résultat moyen est 10 sur 20
Statistiques - réponses
Phrase Queen % Correct
"Sois chalante" Le Filip
90%
"Non je lâcherai pas l'affaire, je veux faire ce putain de bœuf bourguignon, merde" La Big Bertha
81%
"Je veux le même parcours, elle a tout raflé : la couronne, le sceptre, le cul du danseur de la tournée. Elle a vraiment tout raflé." Ginger Bitch
74%
"J'ai une bonne nouvelle pour toi chérie, Misty, tes résultats de QI sont arrivés, c'est négatif" Le Filip
74%
"Je crois même que les tables basses, j'ai pas eu de problème avec" Cookie Kunty
59%
"Ruby c'est vraiment la daronne en fin de soirée" Misty Phoenix
55%
"Je me suis humiliée à la télévision" Mami Watta
54%
"Le Filip qui danse, rien que sa présence me fait ressentir un petit peu de l'hétérosexuel qui est en moi… mais qui est vite parti parce qu'il n'existe pas du tout" Ruby on the Nail
53%
"Je sais pas ce qui me prend, je prends le lit, mais le lit entier, avec les draps, le matelas, les coussins... Je me dis au pire, si du coup j'ai plus aucune solution, je m'allongerai dessus, et puis je passerai un très bon moment." Sara Forever
49%
"La Grande Dame, je sais où t'habites" Soa de Muse
48%
"Je pense que t'as mal compris le concept de l'émission, c'est pas un escape game, faut rester là le plus longtemps possible" Lula Strega
47%
"J'ai fait cette tenue avec de la détermination et mon pistolet à colle qui est mon meilleur ami" Mami Watta
47%
"Reste à ta place, Punaniet" Moon
45%
"La vodka n'est pas passée" Perseo
38%
"Les marques de raquettes, ça te va si bien au teint, tu devrais t'en prendre plus souvent" Norma Bell
35%
"On ajoute des paillettes, parce qu'on est pédés et on aime bien les paillettes" Lolita Banana
34%
"Je veux candidater au poste de esclave" Ruby on the Nail
33%
"C'est estival, j'avale" Paloma
24%
"Je m'appelle Cookienelle" Soa de Muse
15%
"Enchanté, Jean-Michel" Magnetica
12%
Aucun quiz correspondant
Distribution des résultats
% des personnes avec chaque résultat
Percentile par nombre de réponses
Votre historique - résultats
Vous n’avez pas pris ce quiz